Normal view
MARC view
- Foucault, Michel,
Entry Nombre Personal
001 - NUMERO DE CONTROL
- campo de control: 13354
003 - IDENTIFICADOR DE NUMERO DE CONTROL
- campo de control: MX-MxUPN
005 - FECHA Y HORA DE LA ÜLTIMA TRANSACCIÓN
- campo de control: 20240815111255.0
008 - DATOS DE LONGITUD FIJA
- campo de control de longitud fija: 240815n| fcnnnbabn | ana |d
035 ## - NUMERO DE CONTROL
- Número de control: UPN10000013362
040 ## - FUENTE DE CATALOGACIÓN
- Agencia original de catalogación: MX-MxUPN
- Lenguaje de catalogación: spa
- Agencia de transcripción: MX-MxUPN
100 1# - ENCABEZAMIENTO - NOMBRE PERSONAL
- Nombre personal: Foucault, Michel,
- Fechas asociadas con el nombre: 1926-1984
- Subdivisión temática general : Crítica e interpretación
670 ## - FUENTE EN LA QUE SE LOCALIZARON DATOS
- Cita de la fuente: LC
- Información localizada: Foucault, Michel, 1926-1984 - Criticism and interpretation
902 ## - CATALOGADOR
- Catalogador: BEC/130197
